Evolution and Hormonization of Evenness Evaluation Techniques / (Record no. 2098)

000 -LEADER
fixed length control field 00404 a2200121 4500
020 ## - INTERNATIONAL STANDARD BOOK NUMBER
International Standard Book Number 8790145453
022 ## - INTERNATIONAL STANDARD SERIAL NUMBER
International Standard Serial Number 09091386
082 ## - DEWEY DECIMAL CLASSIFICATION NUMBER
Classification number 338.40956 SCH
100 ## - MAIN ENTRY--PERSONAL NAME
Personal name Schmidt, Bjarne
245 ## - TITLE STATEMENT
Title Evolution and Hormonization of Evenness Evaluation Techniques /
Statement of responsibility, etc. Bjarne Schmidt
260 ## - PUBLICATION, DISTRIBUTION, ETC.
Name of publisher, distributor, etc. Road Directorate, Danish Road Institute,
Date of publication, distribution, etc. 1999
300 ## - PHYSICAL DESCRIPTION
Extent 16p. :
Other physical details ill. ;
Dimensions 30 cm
650 ## - SUBJECT ADDED ENTRY--TOPICAL TERM
Topical term or geographic name entry element Evolution and Hormonization of Evenness Evaluation
Holdings
Withdrawn status Lost status Damaged status Not for loan Permanent Location Current Location Shelving location Date acquired Total Checkouts Full call number Barcode Date last seen Price effective from Koha item type
        School of Civil and Environmental Engineering (SCEE) School of Civil and Environmental Engineering (SCEE)       338.40956 SCH NIT-1201 01/05/2017 01/05/2017 Book
© 2023 Central Library, National University of Sciences and Technology. All Rights Reserved.